|
|
|
|
| LEADER |
00000nam0a2200000 4500 |
| 001 |
354364 |
| 005 |
20231102010702.0 |
| 035 |
|
|
|a (RuTPU)RU\TPU\retro\11622
|
| 090 |
|
|
|a 354364
|
| 100 |
|
|
|a 20200618d1979 km y0rusy50 ca
|
| 101 |
0 |
|
|a rus
|
| 102 |
|
|
|a RU
|
| 105 |
|
|
|a a a 001zb
|
| 200 |
1 |
|
|a Игорь Михайлович Павлов
|f Академия наук СССР ; гл. ред. А. Н. Несмеянова ; авт. предисл. А. П. Чекмарев
|
| 210 |
|
|
|a Москва
|c Наука
|d 1979
|
| 215 |
|
|
|a 119 с.
|c ил.
|
| 225 |
1 |
|
|a Биобиблиография ученых СССР
|
| 320 |
|
|
|a Библиогр.: с.27-29
|
| 320 |
|
|
|a Указ.: с. 30-112
|
| 600 |
|
1 |
|a Павлов
|b И. М.
|c специалист а области металлургии и теории процессов плавстическое деформации
|f 1900-1985
|g Игорь Михайлович
|c член-корреспондент АН СССР
|2 stltpush
|3 (RuTPU)RU\TPU\pers\46697
|
| 606 |
1 |
|
|a Библиографические пособия
|x По металлургии
|2 stltpush
|3 (RuTPU)RU\TPU\subj\77081
|9 87701
|
| 606 |
1 |
|
|a Металлургия общая
|2 stltpush
|3 (RuTPU)RU\TPU\subj\43016
|9 62604
|
| 610 |
1 |
|
|a биобиблиографические указатели
|
| 610 |
1 |
|
|a биобиблиография
|
| 610 |
1 |
|
|a металлурги
|
| 610 |
1 |
|
|a ученые
|
| 610 |
1 |
|
|a персоналии
|
| 610 |
1 |
|
|a история
|
| 610 |
1 |
|
|a СССР
|
| 675 |
|
|
|a 669(01)(092)
|v 4
|
| 686 |
|
|
|a Я19:669
|v LBC/SL-A
|2 rubbk
|
| 702 |
|
1 |
|a Несмеянов
|b А. Н.
|4 651
|
| 702 |
|
1 |
|a Чекмарев
|b А. П.
|4 080
|
| 712 |
0 |
2 |
|a Академия наук СССР
|c (Ленинград/Москва)
|c (1925-1991)
|2 stltpush
|3 (RuTPU)RU\TPU\col\722
|9 23473
|
| 801 |
|
1 |
|a RU
|b 63413507
|c 20200618
|
| 801 |
|
2 |
|a RU
|b 63413507
|c 20210208
|g RCR
|
| 942 |
|
|
|c BK
|